000 00925nam a22002777a 4500
001 BR9401309
003 BR-BrBNA
005 20230928093906.0
007 ta
008 230509b bl.||||| |||| 00| 0 por d
040 _aBR-BrBNA
_bpor
_cBiblioteca Nacional de Agricultura
041 _a(Por)
072 _aK10; P01
090 _ K10 BR9401309
110 1 _aSociedade Brasileira de Silvicultura, Sao Paulo, SP (Brasil)
_99794
111 1 _a6. Congresso Florestal Brasileiro
_cCampos do Jordao, SP (Brazil)
_d22-27 Sep 1990
245 1 _a6. Congresso Florestal Brasileiro. Florestas e meio ambiente: conservacao e producao, patrimonio social. Trabalhos convidados; v. 1
260 3 _aSao Paulo, SP (Brasil):
_c1990.
300 _a155 p.
650 _aFloresta
650 _aReflorestamento
650 _aMeio Ambiente
650 _aPreservacao da Natureza
909 _a202309
_bLucia
_c55
_dLucia Elande
942 _cBK
999 _c47741
_d47741